000 01490cam a22003857a 4500
003 CHAP
005 20220329140051.0
008 971013s1962 r 00010 d
010 _a46470
011 _a47442
035 _a51584
040 _cCHAP
082 _a631.4
_bT46Y 1957
100 0 0 _aThompson, Louis Milton.
_9112915
245 1 3 _aEl suelo y su fertilidad
260 _aBarcelona :
_bReverté,
_c1962
300 _a407 p.
_b: ilus.
500 _aTrad. de la 2 ed. en inglés
590 _aBATCH-UPD
_b10
_c20130109
_lUCH01
_h2316
590 _aBATCH-UPD
_b10
_c20130110
_lUCH01
_h1514
590 _aCONVERSION
_b10
_c20130109
_lUCH01
_h1325
650 1 4 _aSuelos.
_9110191
650 1 4 _aSuelos
_xFertilidad.
_9110367
901 _aBK
942 _cLIBRO
949 _a631.4 T46Y 1957
_bBC
_cLIBRO
_d-115298
_eLIBRO
_fc.4
_h21113
_i51584
_si
949 _a631.4 T46Y 1957
_bBC
_cLIBRO
_d-115299
_eLIBRO
_fc.5
_h35294
_i51584
_si
949 _a631.4 T46Y 1957
_bBC
_cLIBRO
_d-115300
_eLIBRO
_fc.6
_h359
_i51584
_si
949 _a631.4 T46Y 1957
_bBC
_cLIBRO
_d-115301
_eLIBRO
_fc.7
_h35296
_i51584
_si
949 _a631.4 T46Y 1957
_bBC
_cLIBRO
_d-115302
_eLIBRO
_fc.8
_h35297
_i51584
_si
949 _a631.4 T46Y 1957
_bBC
_cLIBRO
_d33724000064671
_eLIBRO
_fc.2
_h21111
_i51584
_so
949 _a631.4 T46Y 1957
_bBC
_cLIBRO
_d33724000064689
_eLIBRO
_h21110
_i51584
_si
949 _a631.4 T46Y 1957
_bBC
_cMUT
_d-115303
_eMUT
_fc.9
_h35298
_i51584
_si
949 _a631.4 T46Y 1957
_bBC
_cMUT
_d-115304
_eMUT
_fc.3
_h21112
_i51584
_sb
999 _c46470
_d46470